=LDR 00000nam 2200000 4500 =001 INLIS000000000050573 =005 20200304070035 =035 ##$$a 0010-0517000226 =007 ta =008 200304################g##########0#ind## =020 ##$$a 978-979-039-342-4 =082 ##$$a 297.31 =084 ##$$a 297.31 FAI p =100 #$$a Faisal Bin Su'ud Al Bulaibi =245 1#$$a Pintu-pintu kebaikan /$c Faisal Bin Su'ud Al-Hulaibi; Alih bahasa: Arif Mahmudi; Editor: Yahya Muhammad =250 ##$$a Cet. 1 =260 ##$$a Solo :$b Aqwam,$c 2015 =300 ##$$a 176 hlm. ; $c 20,5 x 14 cm =650 #4$$a Iman =990 ##$$a 31701488 =990 ##$$a 31701487 =990 ##$$a 31701489 =990 ##$$a 31701488